[Event "RUS-ch"]
[Site "Krasnodar"]
[Date "2002.09.02"]
[Round "7"]
[White "Yakovich, Yuri"]
[Black "Grigoriants, Sergey"]
[Result "1-0"]
[WhiteElo "2586"]
[BlackElo "2490"]
[Annotator "Yakovich,Y"]
[PlyCount "103"]
[EventDate "2002.08.27"]
[EventType "swiss"]
[EventRounds "9"]
[EventCountry "RUS"]
[SourceTitle "CBM 091"]
[Source "ChessBase"]
[SourceDate "2002.11.12"]
[SourceVersion "1"]
[SourceVersionDate "2002.11.12"]
[SourceQuality "1"]

1. c4 {Ribli} e5 2. Nc3 Nc6 3. Nf3 g6 {Ribli: 'Dieser Zug wird heutzutage
selten gespielt - die gewöhnliche Fortsetzung ist 3...Nf6, aber 3...f5 ist
auch möglich.'} 4. d4 exd4 (4... d6 {Ribli} 5. d5 $14) 5. Nxd4 Bg7 6. Nxc6 bxc6
7. g3 {Ribli: 'Der weiße Läufer entwickelt sich auf die große Diagonale und
von g2 kann er den schwarzen Damenflügel kontrollieren.'} Ne7 8. Bg2 O-O 9. O-O
d6 (9... Rb8 {Ribli} 10. Qd2 (10. Qa4 $14 {Ribli}) (10. Qc2 $14 {Ribli}) 10...
Ba6 11. Rd1 Bxc4 12. Qxd7 $14) 10. Bg5 $5 (10. Qc2 $5 {is the "main" move, but
I remembered my victory vs. Peek and have chosen text move.}) 10... Be6 $1 {
Probably the best! Peek played} (10... Rb8 {and after} 11. Qd2 $1 (11. Qc1 {
- 64/48}) 11... c5 12. Rad1 Be6 (12... Bb7 $4 13. Bxb7 Rxb7 14. Nd5 f6 15.
Nxe7+ Qxe7 16. Qd5+ $18) 13. b3 f6 14. Bh6 $1 $146 (14. Bf4 {/\ Nb5-c7}) 14...
Bxh6 15. Qxh6 a6 $6 16. Qe3 $1 Qc8 17. Ne4 Kg7 18. h3 $3 (18. Qc3 Bh3 19. Bxh3
Qxh3 20. Qa5 Rb6) 18... Rf7 19. Qc3 $1 h6 (19... Bxh3 20. Bxh3 Qxh3 21. Ng5)
20. g4 Ng8 21. f4 Kh7 22. Ng3 $1 f5 (22... Ne7 23. f5 $16) 23. e4 $1 Ne7 (23...
fxg4 24. f5 $1 gxf5 25. exf5 $18) 24. exf5 gxf5 25. Rde1 Bd7 (25... fxg4 26. f5
$1 Bxf5 (26... Nxf5 27. Rxe6 $1 Qxe6 28. Be4 Rbf8 29. hxg4) 27. Rxe7) 26. Nh5
Qh8 27. Nf6+ $1 Kg6 28. g5 $1 {White got decisive attack Yakovich,Y-Peek,M/
Amsterdam 1995/Inf 65/ (37)}) 11. Qd3 (11. c5 h6 $5 $13 (11... Rb8 $5 12. Qd2
$13) (11... d5 12. Qd2 f6 13. Bh6 Bxh6 14. Qxh6 g5 15. Qh5 Qd7 16. Qf3 Ng6 17.
Qd3 Bh3 {1/2-1/2 Garcia,R-Damjanovic,M/Buenos Aires 1970/MCD (17)})) (11. Bxc6
Rb8 $132) (11. Bxe7 {Ribli} Qxe7 12. Bxc6 Rab8 $132) 11... Rb8 12. b3 {Ribli:
'Weiß hat einen kleinen Positionsvorteil - seine Figuren stehen aktiver und
seine Bauernstruktur ist besser.'} c5 13. Qd2 $1 {preventing 13...h6  Ribli:
'Der Pc4 ist verteidigt, so dass sich die Dame befreien kann. Die weiße
Strategie besteht darin, die beste schwarze Figur (den Bg7) zu tauschen.'} Bh8
{'?!' Ribli. Black keeps his dark squared bishop. Ribli: 'Schwarz möchte den
schwarzfeldrigen Läufer auf dem Brett behalten, aber früher, oder später muss
er f7-f6 ziehen, so dass der Textzug eigentlich ein Tempoverlust ist.'} (13...
Qd7 14. Rad1 {[%cal Rc3e4,Re4c5,Re4f6] /\Ne4} (14. Bh6 {Ribli} Bh3 15. Bxg7
Kxg7 16. Rac1 Bxg2 17. Kxg2 f6 $14 {1/2-1/2 Soppe,G-Szmetan,J/Buenos Aires
1988/EXT 99 (22)})) 14. Rad1 f6 15. Bh6 Rf7 16. Ne4 $5 {[%cal Re4c5] Ribli:
'Jetzt - wegen der Fesselung auf der d-Linie - droht 17.Nxc5 wieder.'} Qe8 17.
Bf4 {[%cal Rf4d6] /\Bd6 White would like to change two minor pieces against a
rook and 2 pawns. In this case the white rooks can use the d-file while the
black pieces will not have good squares.  Ribli: 'Nach diesem Zug Schwarz muss
in einigen Varianten mit Bxd6 rechnen.'} (17. Qa5 $2 Nc6) 17... Nf5 $1 (17...
Nc6 18. Bxd6 $1 Rd8 (18... Rd7 19. Qe3 $5 cxd6 20. Nxc5 $1 dxc5 21. Bxc6 $14)
19. Qe3 cxd6 20. Nxd6 Rxd6 21. Rxd6 Nd4 22. Bd5 Re7 23. Qe4 f5 24. Bxe6+ Nxe6
25. Qd5 $16) 18. Qa5 {Ribli: 'Das ist ein typisches Motiv in dieser Variante -
die Dame steht sehr aktiv auf a5.'} Nd4 {Ribli: [#]} 19. Bxd6 $5 {Last chance
to continue the game.  Ribli: 'Weiß kompliziert das Spiel und gibt zwei
Leichtfiguren gegen den Turm und zwei Bauern.'} (19. Rfe1 Nc2 $1 20. Rf1 Nd4
$11) 19... cxd6 (19... f5 $5 {also deserves serious attention} 20. Nxc5 Nxe2+ (
20... cxd6 $2 21. Nxe6 Nxe6 22. Rxd6 $16) 21. Kh1 Bc3 $1 (21... cxd6 22. Nxe6
Qxe6 23. Bd5 Qe7 24. Bxf7+ (24. Rfe1 Re8) (24. Rd3 f4) 24... Qxf7 (24... Kxf7
25. Qd5+ $16) 25. Rxd6 $14) 22. Qa4 (22. Qa3 cxd6 23. Nxe6 Bb4 24. Qa4 Qxe6 25.
Bd5 Qe7 $17) 22... Qxa4 23. Nxa4 cxd6 24. Bf3 Nd4 25. Bg2 Ne2 $11) 20. Nxd6 Qd8
$1 {The only move} (20... Nxe2+ $2 21. Kh1 Qe7 22. Nxf7 Qxf7 23. Rfe1 Nd4 24.
Qxc5 Nf5 25. Rxe6 $18) 21. Qxd8+ (21. Qxc5 $2 Nxe2+ 22. Kh1 Rd7 $17) 21... Rxd8
22. Nxf7 Kxf7 $1 {Time is more important than a pawn.} (22... Nxe2+ $2 23. Kh1
Rxd1 24. Nh6+ Kg7 25. Rxd1 Kxh6 26. Rd8 Bg7 27. Ra8 $16) 23. e3 Ne2+ 24. Kh1
Rxd1 25. Rxd1 {Ribli: 'Weiß hat in diesem Endspiel Turm und zwei Bauern gegen
zwei Leichtfiguren. Der Ne2 findet seinen Platz, weil die weißen Figuren
aktiver sind. Es droht jetzt 26.Rd8 und 27.Ra8 mit Bauerngewinn.'} Ke7 $1 {
Black took control over the d-file and the white rook has no squares for
intrusion.} 26. Rd3 {Ribli: 'Mit diesem Zug schränkt Weiß die Bewegung des
e2-Springers ein.'} (26. Bd5 Nc3 $1) 26... f5 $11 27. Bd5 Bd7 28. f3 Nc3 29.
Rd2 g5 30. Kg1 $6 {Inaccuracy} ({Better is} 30. Kg2 g4 31. Kf2 $11 (31. f4 $2
Nxd5 32. Rxd5 $2 Bc6 $19)) 30... f4 $5 (30... g4 $11) 31. exf4 gxf4 $2 {Mistake
} ({After} 31... Bd4+ $1 32. Kg2 Nxd5 33. cxd5 gxf4 34. b4 (34. gxf4 Kd6 35. b4
$15) 34... Kd6 $15 {Black's chances are better, but the most probable result
is draw.}) 32. Kg2 $1 Bf5 33. gxf4 $1 $16 {Black opens diagonals for bishops
and files for white rook. The last one is more important!} Bb1 34. a3 a5 35.
Bc6 $1 {[%cal Rd2d7]} Bf5 (35... Bd4 36. b4 $16) 36. Be4 $1 Be6 (36... Nxe4 37.
Re2 $18) 37. Bxh7 $18 {Here the rest particularly requires no further comment!}
a4 38. Bc2 Bd4 39. h4 Kf6 40. Kg3 Be3 41. Rh2 $1 (41. Rd3 $2 Ne2+) 41... Bf5 $2
$138 42. bxa4 Be6 43. Bd3 Nxa4 44. h5 Bd4 45. h6 Kf7 46. h7 Bh8 47. f5 Bd7 48.
Rh6 Nb2 49. Be4 Kg7 50. Rd6 Be8 51. f6+ Kf8 52. Rd8 1-0